<?xml version="1.0" encoding="UTF-8"?>
<record
    xmlns:xsi="http://www.w3.org/2001/XMLSchema-instance"
    xsi:schemaLocation="http://www.loc.gov/MARC21/slim http://www.loc.gov/standards/marcxml/schema/MARC21slim.xsd"
    xmlns="http://www.loc.gov/MARC21/slim">

  <leader>01830nam a2200397 i 4500</leader>
  <controlfield tag="001">000041050</controlfield>
  <controlfield tag="003">DO-SdBNP</controlfield>
  <controlfield tag="005">20250620134750.0</controlfield>
  <controlfield tag="007">ta</controlfield>
  <controlfield tag="008">130916s2012    dr            000 p spa d</controlfield>
  <datafield tag="020" ind1=" " ind2=" ">
    <subfield code="a">9789945475388</subfield>
  </datafield>
  <datafield tag="040" ind1=" " ind2=" ">
    <subfield code="a">DO-SdBNP</subfield>
    <subfield code="b">spa</subfield>
    <subfield code="c">BNPHU</subfield>
    <subfield code="e">rda</subfield>
  </datafield>
  <datafield tag="041" ind1=" " ind2=" ">
    <subfield code="a">spa</subfield>
  </datafield>
  <datafield tag="082" ind1=" " ind2="4">
    <subfield code="a">xxx</subfield>
    <subfield code="b">E81n</subfield>
    <subfield code="2">22</subfield>
  </datafield>
  <datafield tag="245" ind1="0" ind2="0">
    <subfield code="a">Esto no es una antolog&#xED;a :</subfield>
    <subfield code="b">palabras que sangran / </subfield>
    <subfield code="c">pr&#xF3;logo, Ana Gorr&#xED;da</subfield>
  </datafield>
  <datafield tag="264" ind1=" " ind2="4">
    <subfield code="a">Santo Domingo :</subfield>
    <subfield code="b">Direcci&#xF3;n General de la Feria del Libro,</subfield>
    <subfield code="c">&#xA9;2012.</subfield>
  </datafield>
  <datafield tag="300" ind1=" " ind2=" ">
    <subfield code="a">210 p&#xE1;ginas ;</subfield>
    <subfield code="c">23 cm.</subfield>
  </datafield>
  <datafield tag="336" ind1=" " ind2=" ">
    <subfield code="a">texto</subfield>
    <subfield code="b">txt</subfield>
    <subfield code="2">rdacontent</subfield>
  </datafield>
  <datafield tag="337" ind1=" " ind2=" ">
    <subfield code="a">sin mediaci&#xF3;n</subfield>
    <subfield code="b">n</subfield>
    <subfield code="2">rdamedia </subfield>
  </datafield>
  <datafield tag="338" ind1=" " ind2=" ">
    <subfield code="a">volumen  </subfield>
    <subfield code="b">nc</subfield>
    <subfield code="2">rdacarrier </subfield>
  </datafield>
  <datafield tag="490" ind1="0" ind2=" ">
    <subfield code="a">Colectivo el ara&#xF1;azo</subfield>
  </datafield>
  <datafield tag="500" ind1=" " ind2=" ">
    <subfield code="a">Incluye datos biogr&#xE1;ficos de los autores.</subfield>
  </datafield>
  <datafield tag="500" ind1=" " ind2=" ">
    <subfield code="a">Literatura que deja cicatrices</subfield>
  </datafield>
  <datafield tag="505" ind1="0" ind2=" ">
    <subfield code="a">theatrum mundi: La palabra en la escena de la soledad --</subfield>
    <subfield code="t">&#xA1;Sientese!, pintura fresca --</subfield>
    <subfield code="r">Ricardo Rafael Cabrera N&#xFA;&#xF1;ez /</subfield>
    <subfield code="t">(Sobre) vivir --</subfield>
    <subfield code="r">Alex&#xE9;i Teller&#xED;as /</subfield>
    <subfield code="t">Trozos de un coraz&#xF3;n deambulante --</subfield>
    <subfield code="r">Deidamia Rebeca Gal&#xE1;n Cruz /</subfield>
    <subfield code="t">&#xDA;ltima noche: naufragio --</subfield>
    <subfield code="r">Lauristely Pe&#xF1;a Solano /</subfield>
    <subfield code="t">Poemas para ser le&#xED;do bajo la lluvia --</subfield>
    <subfield code="r">Luis Reynaldo P&#xE9;rez /</subfield>
    <subfield code="t">Collage y laberinto --</subfield>
    <subfield code="r">Isis Aquino /</subfield>
    <subfield code="t">La noche de las variables malditas --</subfield>
    <subfield code="r">Lusmerlin Lantigua /</subfield>
    <subfield code="t">La malabarista insomne (memorial del cuerpo) --</subfield>
    <subfield code="r">Ana Mar&#xED;a Fuster /</subfield>
  </datafield>
  <datafield tag="590" ind1=" " ind2=" ">
    <subfield code="a">Inventariado, 2020/ YL</subfield>
  </datafield>
  <datafield tag="700" ind1="1" ind2=" ">
    <subfield code="a">Gorr&#xED;da, Ana,</subfield>
    <subfield code="e">prologuista</subfield>
    <subfield code="4">pr.</subfield>
    <subfield code="9">77085</subfield>
  </datafield>
  <datafield tag="700" ind1="1" ind2=" ">
    <subfield code="a">Cabrera N&#xFA;&#xF1;ez, Ricardo Rafael</subfield>
    <subfield code="9">75732</subfield>
  </datafield>
  <datafield tag="700" ind1="1" ind2="2">
    <subfield code="a">Teller&#xED;as, Alex&#xE9;i</subfield>
    <subfield code="9">77078</subfield>
  </datafield>
  <datafield tag="700" ind1="1" ind2="2">
    <subfield code="a">Gal&#xE1;n Cruz, Deidamia Rebeca</subfield>
    <subfield code="9">77079</subfield>
  </datafield>
  <datafield tag="700" ind1="1" ind2="2">
    <subfield code="a">Pe&#xF1;a Solano, Lauristely</subfield>
    <subfield code="9">43070</subfield>
  </datafield>
  <datafield tag="700" ind1="1" ind2="2">
    <subfield code="a">Reynaldo P&#xE9;rez, Luis </subfield>
    <subfield code="9">77080</subfield>
  </datafield>
  <datafield tag="700" ind1="1" ind2="2">
    <subfield code="a">Aquino, Isis</subfield>
    <subfield code="9">77081</subfield>
  </datafield>
  <datafield tag="700" ind1="1" ind2="2">
    <subfield code="a">Lantigua, Lusmerlin</subfield>
    <subfield code="9">77082</subfield>
  </datafield>
  <datafield tag="700" ind1="1" ind2="2">
    <subfield code="a">Fuster, Ana Mar&#xED;a</subfield>
    <subfield code="9">54338</subfield>
  </datafield>
  <datafield tag="942" ind1=" " ind2=" ">
    <subfield code="2">ddc</subfield>
    <subfield code="c">LBS1</subfield>
  </datafield>
  <datafield tag="952" ind1=" " ind2=" ">
    <subfield code="0">0</subfield>
    <subfield code="1">0</subfield>
    <subfield code="2">ddc</subfield>
    <subfield code="5">3</subfield>
    <subfield code="7">0</subfield>
    <subfield code="8">PD</subfield>
    <subfield code="a">BNPHU</subfield>
    <subfield code="b">BNPHU</subfield>
    <subfield code="c">CT</subfield>
    <subfield code="d">2013-10-21</subfield>
    <subfield code="e">Alfonso Qui&#xF1;ones</subfield>
    <subfield code="l">0</subfield>
    <subfield code="o">xxx E81n</subfield>
    <subfield code="p">41050-10</subfield>
    <subfield code="r">2020-06-25</subfield>
    <subfield code="w">2020-06-25</subfield>
    <subfield code="y">LBS1</subfield>
  </datafield>
  <datafield tag="952" ind1=" " ind2=" ">
    <subfield code="0">0</subfield>
    <subfield code="1">0</subfield>
    <subfield code="2">ddc</subfield>
    <subfield code="5">3</subfield>
    <subfield code="7">0</subfield>
    <subfield code="8">PD</subfield>
    <subfield code="a">BNPHU</subfield>
    <subfield code="b">BNPHU</subfield>
    <subfield code="c">CT</subfield>
    <subfield code="d">2013-07-09</subfield>
    <subfield code="e">Compra </subfield>
    <subfield code="g">200.00</subfield>
    <subfield code="l">0</subfield>
    <subfield code="o">xxx E81n</subfield>
    <subfield code="p">41050-20</subfield>
    <subfield code="r">2020-06-25</subfield>
    <subfield code="t">e. 2</subfield>
    <subfield code="w">2020-06-25</subfield>
    <subfield code="y">LBS1</subfield>
  </datafield>
  <datafield tag="952" ind1=" " ind2=" ">
    <subfield code="0">0</subfield>
    <subfield code="1">0</subfield>
    <subfield code="2">ddc</subfield>
    <subfield code="5">6</subfield>
    <subfield code="7">0</subfield>
    <subfield code="8">DS</subfield>
    <subfield code="a">BNPHU</subfield>
    <subfield code="b">BNPHU</subfield>
    <subfield code="c">CT</subfield>
    <subfield code="d">2018-12-06</subfield>
    <subfield code="e">Nieves L. Enuterio R.</subfield>
    <subfield code="g">200.00</subfield>
    <subfield code="l">0</subfield>
    <subfield code="o">xxx E81n</subfield>
    <subfield code="p">2020-0285</subfield>
    <subfield code="r">2020-10-30</subfield>
    <subfield code="t">e. 3</subfield>
    <subfield code="w">2020-06-25</subfield>
    <subfield code="y">LBS1</subfield>
  </datafield>
  <datafield tag="952" ind1=" " ind2=" ">
    <subfield code="0">0</subfield>
    <subfield code="1">0</subfield>
    <subfield code="2">ddc</subfield>
    <subfield code="5">6</subfield>
    <subfield code="7">0</subfield>
    <subfield code="8">DS</subfield>
    <subfield code="a">BNPHU</subfield>
    <subfield code="b">BNPHU</subfield>
    <subfield code="c">CT</subfield>
    <subfield code="d">2022-03-28</subfield>
    <subfield code="e">Donaci&#xF3;n</subfield>
    <subfield code="l">0</subfield>
    <subfield code="o">xxx E81n</subfield>
    <subfield code="p">2022-1009</subfield>
    <subfield code="r">2022-03-28</subfield>
    <subfield code="t">e.4</subfield>
    <subfield code="w">2022-03-28</subfield>
    <subfield code="y">LBS1</subfield>
  </datafield>
  <datafield tag="952" ind1=" " ind2=" ">
    <subfield code="0">0</subfield>
    <subfield code="1">0</subfield>
    <subfield code="2">ddc</subfield>
    <subfield code="5">6</subfield>
    <subfield code="7">0</subfield>
    <subfield code="8">DS</subfield>
    <subfield code="a">BNPHU</subfield>
    <subfield code="b">BNPHU</subfield>
    <subfield code="c">CT</subfield>
    <subfield code="d">2024-05-06</subfield>
    <subfield code="e">Donado por Ministerio de la Mujer </subfield>
    <subfield code="l">0</subfield>
    <subfield code="o">xxx E81n</subfield>
    <subfield code="p">2025-4989</subfield>
    <subfield code="r">2025-06-10</subfield>
    <subfield code="t">e.5</subfield>
    <subfield code="w">2025-06-10</subfield>
    <subfield code="y">LBS1</subfield>
  </datafield>
  <datafield tag="999" ind1=" " ind2=" ">
    <subfield code="c">40540</subfield>
    <subfield code="d">40540</subfield>
  </datafield>
</record>
